000 00674nam a22002177a 4500
003 OSt
005 20260312013949.0
008 260312b |||||||| |||| 00| 0 eng d
020 _a0-495-00808-7.
040 _aDWCL Main lib
_cOC
082 _26th ed.
_aGR 428 R523r 2006
100 _aRichardson, Judy S.
245 _aReading to learn in the content areas
_cJudy S. Richardson
250 _a6th ed.
260 _aAustralia :
_bThomson/Wadsworth,
_cc2006.
300 _axv, 501 p. :
_bill. ;
_c23 cm. +
_e1 CD-ROM.
504 _aIncludes index.
650 _a1. Content area reading-United States.
700 _aRaymond F. Morgan
942 _2ddc
_cGR
_e6th ed.
_kGR.
_n0
999 _c8992
_d8992